Pravidla kanoistiky platná od 1. ledna 1985

Salvato in:
Dettagli Bibliografici
Natura: Libro
Lingua:ceco
Pubblicazione: Praha Olympia 1985
Tags: Aggiungi Tag
Nessun Tag, puoi essere il primo ad aggiungerne!!

MARC

LEADER 00000nam a2200000 4500
001 c109951
005 20260122162354.0
041 0 |a cze 
044 |a CZ 
245 1 0 |a Pravidla kanoistiky  |b platná od 1. ledna 1985 
264 1 |a Praha  |b Olympia  |c 1985 
300 |a 109 s.